Sociology of gender/ (Record no. 11796)

MARC details
000 -LEADER
fixed length control field 00682nam a22002297a 4500
005 - DATE AND TIME OF LATEST TRANSACTION
control field 20240430073438.0
008 - FIXED-LENGTH DATA ELEMENTS--GENERAL INFORMATION
fixed length control field 240430b |||||||| |||| 00| 0 eng d
020 ## - INTERNATIONAL STANDARD BOOK NUMBER
International Standard Book Number 9789391661984
040 ## - CATALOGING SOURCE
Original cataloging agency IN-DiNC
Transcribing agency IN-DiNC
041 ## - LANGUAGE CODE
Language code of sung or spoken text English
082 ## - DEWEY DECIMAL CLASSIFICATION NUMBER
Classification number 305.3
Item number SOC
245 ## - TITLE STATEMENT
Title Sociology of gender/
Statement of responsibility, etc. by Seram Bhogendra Singh and others
250 ## - EDITION STATEMENT
Edition statement 1st ed.
260 ## - PUBLICATION, DISTRIBUTION, ETC.
Place of publication, distribution, etc. Meerut:
Name of publisher, distributor, etc. Balaji publishers,
Date of publication, distribution, etc. 2024.
300 ## - PHYSICAL DESCRIPTION
Extent viii, 304p.
650 ## - SUBJECT ADDED ENTRY--TOPICAL TERM
Topical term or geographic name entry element Gender and its related issues
700 ## - ADDED ENTRY--PERSONAL NAME
Personal name Singh, Seram Bhogendra
Relator term Author
700 ## - ADDED ENTRY--PERSONAL NAME
Personal name Devi, Oinam Shantibala
Relator term Author
700 ## - ADDED ENTRY--PERSONAL NAME
Personal name Singh, Oinam Roshni Kumar
Relator term Author
700 ## - ADDED ENTRY--PERSONAL NAME
Personal name Devi, Yumnam Indira
Relator term Author
942 ## - ADDED ENTRY ELEMENTS (KOHA)
Source of classification or shelving scheme Dewey Decimal Classification
Koha item type Books
Holdings
Withdrawn status Lost status Source of classification or shelving scheme Damaged status Not for loan Collection code Home library Current library Shelving location Date acquired Cost, normal purchase price Total Checkouts Full call number Barcode Date last seen Copy number Price effective from Koha item type
    Dewey Decimal Classification     Sociology Naharkatiya College Library Naharkatiya College Library General Stacks 30/04/2024 995.00   305.3 SOC 29974 30/04/2024 1 30/04/2024 Books

Naharkatiya College © 2020. All rights reserved.

Powered By